<La> situation démographique de la France en 1991.
Demografická bilancia Francúzska za r. 1991 vo všetkých hlavných ukazovateľoch. Veková pyramída narodených podľa pohlavia. Vývoj demografických ukazovateľov v r. 1982-1991. Zmeny medzi sčítaním obyvateľstva. (Population et sociétés marec 1992).
Na minha lista:
| Autor principal: | |
|---|---|
| Formato: | Capítulo de Livro |
| Idioma: | francês |
| Assuntos: | |
| Tags: |
Sem tags, seja o primeiro a adicionar uma tag!
|
MARC
| LEADER | 00000naa a2200000 4500 | ||
|---|---|---|---|
| 001 | r008804 | ||
| 005 | 20220913125230.6 | ||
| 041 | 0 | |a fre | |
| 044 | |a FR | ||
| 245 | 1 | 0 | |a <La> situation démographique de la France en 1991. |c M.L. Lévy |
| 520 | |a Demografická bilancia Francúzska za r. 1991 vo všetkých hlavných ukazovateľoch. Veková pyramída narodených podľa pohlavia. Vývoj demografických ukazovateľov v r. 1982-1991. Zmeny medzi sčítaním obyvateľstva. (Population et sociétés marec 1992). | ||
| 610 | 2 | 0 | |a demografia |
| 610 | 2 | 0 | |a Francúzsko |
| 610 | 2 | 0 | |a 1991 |
| 610 | 2 | 0 | |a bilancia populačná |
| 610 | 2 | 0 | |a vývoj populačný |
| 100 | 1 | |a Lévy, M.L. | |